000 00584nam a2200205Ia 4500
005 20250326144424.0
008 250326s9999 xx 000 0 und d
020 _a1-4129-1419-1
037 _aTextbook
040 _aFMSL
_beng
_cFMSL
041 _aeng
_2eng
084 _aX3 P7
_qFMSL
100 _aUlmer R R
_9748942
245 0 _aEffective crisis communication : moving from crisis to opportunty
_cUlmer R R And Others
260 _aNew Delhi
_bNew Delhi, Sage
_c2007
300 _a195p
365 _b2001.2265
942 _cTB
_hX3 P7
999 _c1303638
_d1303638